Abstracts to the reports delivered at the Congress (Запись № 7816307)

Подробности
000 -МАРКЕР
контрольное поле 01744nam0a22003371 4500
001 - ИДЕНТИФИКАТОР ЗАПИСИ
контрольное поле RU\NLR\INFOCOMM_41\5000244237
005 - ИДЕНТИФИКАТОР ВЕРСИИ
контрольное поле 20250613090121.0
035 ## - ДРУГИЕ СИСТЕМНЫЕ НОМЕРА
Идентификатор записи (NLR Aleph) 009053134
100 ## - ДАННЫЕ ОБЩЕЙ ОБРАБОТКИ
Данные общей обработки 20080917d1969 |||y0rusy50 ca
101 0# - ЯЗЫК РЕСУРСА
Язык текста, звукозаписи и т.д. английский
-- немецкий
-- французский
Язык основного заглавия английский
102 ## - СТРАНА ПУБЛИКАЦИИ ИЛИ ПРОИЗВОДСТВА
Страна публикации Российская Федерация
-- Латвия
105 ## - ПОЛЕ КОДИРОВАННЫХ ДАННЫХ: ТЕКСТОВЫЕ МАТЕРИАЛЫ, МОНОГРАФИЧЕСКИЕ
Кодированные данные о монографическом текстовом документе y z 100zy
200 1# - ЗАГЛАВИЕ И СВЕДЕНИЯ ОБ ОТВЕТСТВЕННОСТИ
Основное заглавие Abstracts to the reports delivered at the Congress
Первые сведения об ответственности Com. for organizing the Second All-Union congress of traumatology and orthopedics
210 ## - ПУБЛИКАЦИЯ, РАСПРОСТРАНЕНИЕ И ДР.
Место издания, распространения и т.д. Moscow
-- Riga
Дата издания, распространения и т.д. 1969
215 ## - ФИЗИЧЕСКАЯ ХАРАКТЕРИСТИКА
Специфическое обозначение материала и объем 112 с.
Размеры 22 см
300 ## - ОБЩИЕ ПРИМЕЧАНИЯ
Текст примечания Текст парал. на англ., франц. и нем. яз
300 ## - ОБЩИЕ ПРИМЕЧАНИЯ
Текст примечания На обл. надзаголовок и загл. также на франц. яз.: Comité d'organisation de la deuxième congrès de chirurgie orthopédique et de traumatologie de l'U.R.S.S. Résumes sur les rapports du Congrès; на нем. яз.: Organisationskomitee der Zweiten Allunionstagung der Unfallchirurgen und Orthopäden. Kurze Zusammenfassung der Vorträge; на рус. яз.: Второй Съезд травматологов-ортопедов
512 1# - ЗАГЛАВИЕ ОБЛОЖКИ
Заглавие обложки Résumes sur les rapports du Congrès
Язык заглавия французский
512 1# - ЗАГЛАВИЕ ОБЛОЖКИ
Заглавие обложки Kurze Zusammenfassung der Vorträge
Язык заглавия немецкий
686 ## - ИНДЕКСЫ ДРУГИХ КЛАССИФИКАЦИЙ
Индекс Ме11-400(д)
Код системы
686 ## - ИНДЕКСЫ ДРУГИХ КЛАССИФИКАЦИЙ
Индекс Ме11-400(д)[Р458я431(2)]
Код системы
710 12 - НАИМЕНОВАНИЕ ОРГАНИЗАЦИИ - ПЕРВИЧНАЯ ОТВЕТСТВЕННОСТЬ
Системный номер авторитетной/нормативной записи z01791
Начальный элемент ввода All-Union congress of traumatology and orthopedics
Место проведения временной организации Riga
Дата проведения временной организации 1969
Код отношения Автор
791 12 - НАИМЕНОВАНИЕ ОРГАНИЗАЦИИ - АЛЬТЕРНАТИВНАЯ ФОРМА
Системный номер авторитетной/нормативной записи z01710
Начальный элемент ввода Congrès de orthopédique et de traumatologie de l'URSS
Порядковый номер временной организации и / или порядковый номер ее части 2
Место проведения временной организации Riga
Дата проведения временной организации 1969
791 12 - НАИМЕНОВАНИЕ ОРГАНИЗАЦИИ - АЛЬТЕРНАТИВНАЯ ФОРМА
Системный номер авторитетной/нормативной записи z01710
Начальный элемент ввода Allunionstagung der Unfallchirurgen und Orthopäden
Порядковый номер временной организации и / или порядковый номер ее части 2
Место проведения временной организации Riga
Дата проведения временной организации 1969
801 #1 - ИСТОЧНИК ЗАПИСИ
Страна Российская Федерация
Организация NLR
Дата составления 20080917
801 #0 - ИСТОЧНИК ЗАПИСИ
Страна Российская Федерация
Организация NLR
Правила каталогизации PSBO
852 ## - МЕСТОНАХОЖДЕНИЕ И ШИФР ХРАНЕНИЯ
Идентификатор организации NLR
Шифр хранения (Call Number) Мд41 Д-5/29
942 ## - ДОПОЛНИТЕЛЬНЫЕ ЭЛЕМЕНТЫ ЗАПИСИ (АБИС)
Тип экземпляра АБИС Книга
980 ## - КОЛЛЕКЦИЯ
Название коллекции Национальная библиография
Экземпляры
Тип экземпляра Дата поступления Библиотека постоянного хранения Библиотека текущего хранения Место хранения Шифр хранения Штрих-код Статус экземпляра
Книга 26.10.2013 РНБ (Московский) РНБ (Московский) Иностранный книжный фонд Мд41 Д-5/29 9053134-10